000 00513nam a2200181Ia 4500
005 20250317121945.0
008 008 250317s9999 xx 000 0 eng d
037 _aTextbook
040 _aFMSL
_beng
_cFMSL
041 _aeng
_2eng
084 _aX:8G K6
_qFMSL
100 _aDavar N S
_9738262
245 0 _aPractical book-keeping and accountancy
260 _aBombay
_bBombay, Progressive Corporation
_c1966
300 _a644p
942 _cTB
_hX:8G K6
999 _c1245124
_d1245124